=LDR 00000nam 2200000 4500 =001 INLIS000000000055845 =005 20200729071119 =035 ##$$a 0010-0720000149 =007 ta =008 200729###########################0#eng## =082 ##$$a 641.509 46 =084 ##$$a 641.509 46 Fei t =245 1#$$a The Cooking of Spain and Portugal /$c Feibleman Peter S =300 ##$$a 208 halaman : $b Ilustrasi ; $c 24 Cm. =500 ##$$a Indeks : halaman 202 - 208 =650 #4$$a Masakan Spanyol, Portugal =264 ##$$a Nederland :$b Time-Life International,$c 1976 =336 ##$$a teks$2 rdacontent =337 ##$$a lain-lain$2 rdamedia =338 ##$$a lain-lain$2 rdacarrier =990 ##$$a 08190819